书目信息 |
| 题名: |
浪漫二居
|
|
| 作者: | 李娜 主编 | |
| 分册: | ||
| 出版信息: | 北京 科学出版社 2010.03 |
|
| 页数: | 64页 | |
| 开本: | 29cm | |
| 丛书名: | 家居百变户型设计系列 | |
| 单 册: | ||
| 中图分类: | TU767 | |
| 科图分类: | ||
| 主题词: | 住宅--室内装修--建筑设计--图集 | |
| 电子资源: | ||
| ISBN: | 978-7-03-026687-3 | |
| 000 | 00749nam 2200229 450 | |
| 001 | 1062515094 | |
| 005 | 20101007172308.87 | |
| 010 | @a978-7-03-026687-3@dCNY22.00 | |
| 100 | @a20101129d2010 km y0chiy0120 ea | |
| 101 | 0 | @achi |
| 102 | @aCN@b110000 | |
| 105 | @aa z 000yy | |
| 200 | 1 | @a浪漫二居@Alang man er ju@f李娜主编 |
| 210 | @a北京@c科学出版社@d2010.03 | |
| 215 | @a64页@c图@d29cm | |
| 225 | 2 | @a家居百变户型设计系列@Ajia ju bai bian hu xing she ji xi lie |
| 330 | @a本书提供了大量最新的二居室装修设计案例, 并辅以实用的装饰装修知识, 以图文结合的形式, 让读者得到最有价值的参考资料。 | |
| 606 | 0 | @a住宅@x室内装修@x建筑设计@x图集 |
| 690 | @aTU767@v4 | |
| 701 | 0 | @a李娜@Ali na@4主编 |
| 801 | 0 | @aCN@c20101129 |
| 905 | @dTU767@eL220-6 | |
| 浪漫二居/李娜主编.-北京:科学出版社,2010.03 |
| 64页:图;29cm.-(家居百变户型设计系列) |
| ISBN 978-7-03-026687-3:CNY22.00 |
| 本书提供了大量最新的二居室装修设计案例, 并辅以实用的装饰装修知识, 以图文结合的形式, 让读者得到最有价值的参考资料。 |
| ● |
| 相关链接 |
|
|
|
正题名:浪漫二居
索取号:TU767/L220-6
 
预约/预借
| 序号 | 登录号 | 条形码 | 馆藏地/架位号 | 状态 | 备注 |
| 1 | 1032158 | 210321588 | 建筑库201/201建筑库 75排2列4层/ [索取号:TU767/L220-6] | 在馆 | |
| 2 | 1032159 | 210321597 | 建筑库201/201建筑库 75排2列4层/ [索取号:TU767/L220-6] | 在馆 | |
| 3 | 1032160 | 210321604 | 建筑库201/201建筑库 75排2列4层/ [索取号:TU767/L220-6] | 在馆 |